ბათუმის შოთა რუსთაველის სახელმწიფო უნივერსიტეტის ბიბლიოთეკა

67-ე სამეცნიერო სესია: მასალები (ბიბ.ჩანაწერი № 51157)

000 -LEADER
fixed length control field 01094nam a2200265Ia 4500
001 - CONTROL NUMBER
control field 18116
003 - CONTROL NUMBER IDENTIFIER
control field GE_BSU
008 - FIXED-LENGTH DATA ELEMENTS--GENERAL INFORMATION
fixed length control field 181216s||||||||xx |||||||||||||| ||und||
020 ## - INTERNATIONAL STANDARD BOOK NUMBER
International Standard Book Number 9789941123570
040 ## - CATALOGING SOURCE
Transcribing agency GE_BSU
080 ## - UNIVERSAL DECIMAL CLASSIFICATION NUMBER
Universal Decimal Classification number 811.353.1(063)
245 ## - TITLE STATEMENT
Title 67-ე სამეცნიერო სესია: მასალები
245 ## - TITLE STATEMENT
Remainder of title 2008 წლის 23-26 დეკემბერი
245 ## - TITLE STATEMENT
Statement of responsibility, etc. რედ. ა. არაბული,. თ. ვაშაკიძე
250 ## - EDITION STATEMENT
Edition statement არნოლდ ჩიქობავას ენათმეცნიერების ინ-ტი
260 ## - PUBLICATION, DISTRIBUTION, ETC.
Place of publication, distribution, etc. თბილისი
260 ## - PUBLICATION, DISTRIBUTION, ETC.
Name of publisher, distributor, etc. უნივერსალი
260 ## - PUBLICATION, DISTRIBUTION, ETC.
Date of publication, distribution, etc. 2008
300 ## - PHYSICAL DESCRIPTION
Extent 136გვ.21სმ.
520 ## - SUMMARY, ETC.
Summary, etc. ეძღვნება სულხან საბა ორბელიანის დაბადების 350-ე წლისთავს
653 ## - INDEX TERM--UNCONTROLLED
Uncontrolled term 67-ე სამეცნიერო სესია: მასალები
653 ## - INDEX TERM--UNCONTROLLED
Uncontrolled term ქართული ენა
942 ## - ADDED ENTRY ELEMENTS (KOHA)
Koha item type წიგნი
ეგზემპლარები
Withdrawn status Lost status Damaged status Not for loan Date acquired Barcode Date last seen Price effective from Koha item type
        2018-12-17 46222 2018-12-17 2018-12-17 წიგნი
        2018-12-17 46221 2018-12-17 2018-12-17 წიგნი